John Travolta : (Record no. 35465)
[ view plain ]
| 000 -LEADER | |
|---|---|
| fixed length control field | 00488nam a22001697a 4500 |
| 003 - CONTROL NUMBER IDENTIFIER | |
| control field | OSt |
| 005 - DATE AND TIME OF LATEST TRANSACTION | |
| control field | 20140311130134.0 |
| 008 - FIXED-LENGTH DATA ELEMENTS--GENERAL INFORMATION | |
| fixed length control field | 130608t xxu||||| |||| 00| 0 eng d |
| 020 ## - INTERNATIONAL STANDARD BOOK NUMBER | |
| International Standard Book Number | 0441406300 |
| 050 ## - LIBRARY OF CONGRESS CALL NUMBER | |
| Classification number | PN 2287 |
| Item number | .M969 1978 |
| 082 ## - DEWEY DECIMAL CLASSIFICATION NUMBER | |
| Classification number | M 791.0924 |
| Item number | T69m 1978 |
| 245 ## - TITLE STATEMENT | |
| Title | John Travolta : |
| Remainder of title | an illustrated biography / |
| Statement of responsibility, etc | Munshower, Suzanne |
| 260 ## - PUBLICATION, DISTRIBUTION, ETC. (IMPRINT) | |
| Place of publication, distribution, etc | New York, NY : |
| Name of publisher, distributor, etc | Grosset & Dunlap, Inc., |
| Date of publication, distribution, etc | c1978. |
| 300 ## - PHYSICAL DESCRIPTION | |
| Extent | 131 p. |
| Other physical details | ill. ; |
| Dimensions | 17 cm. |
| 942 ## - ADDED ENTRY ELEMENTS (KOHA) | |
| Source of classification or shelving scheme | Library of Congress Classification |
| Koha item type | Books |
| Call number prefix | |
No items available.